000 00707nam a2200241Ia 4500
005 20251020182617.0
008 200515s9999 xx 000 0 und d
082 _aSC/694.693:006.3.8/P45
110 _aIninvi
245 0 _aCarpintería : coberturas : pintura
260 _aLima
260 _c198?
300 _as.n.
520 _aEspecificaciones para establecer las características y los requerimientos mínimos inherentes a la Carpintería (puertas y ventanas, cerrajería, pintura, etc.)
650 _aCARPINTERIA
650 _aCERRAJERIA
650 _aESPECIFICACIONES TECNICAS
650 _aPINTURA
650 _aPUB ININVI
650 _aPUERTAS
650 _aVENTANAS
942 _cLIB
999 _c3531
_d3531